| 000 | 00914cac a22002651u 4500 | ||
|---|---|---|---|
| 090 | _c6720 | ||
| 008 | 081104t1997 xxu||||| |||| 00| 0 eng d | ||
| 010 | _a96052316 | ||
| 020 | _a0791435237 (hc : alk. paper) | ||
| 020 | _a0791435245 (pb : alk. paper) | ||
| 082 | 0 | 0 |
_a144 _bADA |
| 100 | _aAdams, E. M. | ||
| 245 | 1 | 2 |
_aA society fit for human beings / _cE.M. Adams. |
| 260 |
_aAlbany : _bState University of New York Press, _cc1997. |
||
| 300 |
_axxii, 269 p. ; _c24 cm. |
||
| 440 | 0 | _aSUNY series in constructive postmodern thought | |
| 500 | _aDistributer: Al-Ahram. | ||
| 504 | _aIncludes bibliographical references (p. 251-257) and index. | ||
| 511 | _aCatalogued By: Mahitab. | ||
| 650 | 0 | _aHumanistic ethics. | |
| 650 | 0 |
_aCivilization, Modern _y1950- |
|
| 650 | 0 |
_aCivilization _xPhilosophy. |
|
| 942 |
_cBB _k144ADA _2ddc |
||
| 999 |
_c6720 _d6720 |
||